| 000 | 00687cas a22002415a 4500 | ||
|---|---|---|---|
| 001 | L280 | ||
| 008 | 070702d19641999xxkbr p 0 a0eng | ||
| 022 | 1 | _a0018-6651 | |
| 035 | _a(Sirsi) u98909 | ||
| 041 | 0 | _aeng | |
| 110 | 2 |
_aNational Housing and Town Planning Council _92348 |
|
| 245 | _aHousing and Planning Review | ||
| 260 |
_aLondon _bNational Housing and Town Planning Council _c1964-1999 |
||
| 350 | _a0 | ||
| 362 | 0 | _a53(1) February/March 1998-54(2) April/May 1999 | |
| 554 | _aSix per year | ||
| 651 | 4 |
_aUnited Kingdom _y |
|
| 690 | _aBUILT ENVIRONMENT | ||
| 780 | 0 | 0 |
_tHousing Review _x0018-6651 |
| 785 | 0 | 0 |
_tAxis _x1467-9086 |
| 942 | _n0 | ||
| 948 | _c18/08/1994 | ||
| 999 |
_c118576 _d118576 |
||